000
00228nam a22000857a 4500
008
160912b xxu||||| |||| 00| 0 eng d
100
_9
390
_a
Banerjee.C
245
_a
Environmental Education
260
_a
New Delhi
_b
B.B Publications
_c
2011
999
_c
3048
_d
3048